Em SP, quais são as 35 cidades com PIB maior que Suzano? - Statistics

Estatísticas Gerais
  • Esse quiz foi jogado 99 vezes
  • A pontuação média é 22 de 35
Estatísticas das Respostas
Hint PIB em R$ Cidade % Correto
4 53,975 Guarulhos
97%
1 687,036 São Paulo
97%
3 58,524 Campinas
96%
11 29,987 Ribeirão Preto
92%
13 21,955 Santos
92%
2 74,402 Osasco
91%
8 37,316 São José dos Campos
85%
10 30,594 Sorocaba
84%
12 25,837 Santo André
82%
6 42,131 São Bernardo do Campo
81%
17 14,426 Mogi das Cruzes
78%
16 15,736 São José do Rio Preto
77%
21 13,230 Diadema
73%
7 39,783 Jundiaí
72%
22 13,141 Bauru
70%
5 47,088 Barueri
68%
14 21,588 Piracicaba
68%
19 13,964 Mauá
67%
18 14,136 Taubaté
67%
20 13,287 São Caetano do Sul
66%
35 9,689 Franca
57%
29 11,069 Limeira
54%
32 10,063 São Carlos
47%
30 10,991 Cotia
44%
31 10,288 Americana
43%
33 10,005 Embu das Artes
42%
9 31,504 Paulínia
42%
26 11,736 Indaiatuba
41%
27 11,515 Hortolândia
39%
15 17,668 Cubatão
38%
25 12,061 Sumaré
38%
34 9,981 Jacareí
28%
24 12,148 Itapevi
23%
23 13,021 Cajamar
20%
28 11,263 Louveira
5%
Nenhum quiz correspondente encontrado
Distribuição das Pontuações
Porcentagem de Pessoas com Cada Pontuação
Percentil de Números Respondidos
Sua Pontuação Histórica
Você não jogou esse quiz